1228 1505 1408 1668 1442 1707 1606 1214 1927 1285 1134 1867 1680 1020 1822 1752 1330 1631 1116 1788 1946 1291 1152 1256 1612 1252 1162 1350 1736 1505 1773 1608 1513 1841 1538 1187 1122 1034 1984 1353 1832 1342 1725 1837 1062 1017 1599 1938 1865 1742 1406 1887 1407 1804 1211 1986 1763 1037 1019 1948 1217 1918 1591 1930 1634 1858 1600 1569 1665 1396 1529 1921 1709 1779 1833 1812 1691 1868 1584 1737 1467 1258 1338 1073 1198 1881 1852 1018 1759 1289 1523 1642 1830 1494 1306 1632 1826 1841 1716 BCNSPRNW ULIB Ver.6.0+V

เปลี่ยนเป็นภาษาไทย

Change to English
 แสดงรายละเอียดบรรณานุกรม
  กลับหน้าหลัก

Brief Record : Get Marc (ISO 2709) : E-mail record : QR code < ปิดหน้าต่าง
LEADER : 00000nam 2200000uu 4500
001    13399107778
003     ULIB
008    110203s2551||||th 000 0 tha d
020    9789741109500
060  4 QS4^bว491R 2551
110 1  ศิริราชพยาบาล^bคณะแพทย์ศาสตร์
245 00 Regional anatomy for medical student book I /^cวาสนา พลากรกุล และคณะ
250    พิมพ์ครั้งที่ 1
260    กรุงเทพฯ:^bบริษัท ศิริวัฒนาอินเตอร์พริ้น จำกัด,^c2551
300    596 หน้า:^bภาพประกอบ
650  7 กายวิภาคศาสตร์
700 0  วาสนา พลากรกุล,^eบรรณาธิการ
710 1  ศิริราชพยาบาล^bคณะแพทย์ศาสตร์
945    ^p890^l0^i023868
945    ^p890^l0^i023867
995    ทศพร
999 ^a ใช้งานได้ทุกระบบ
รายการนี้ยังไม่มีแท็ก
คุณยังไม่ได้ล็อกอิน คุณสามารถมีกิจกรรมร่วมกับเว็บไซต์ได้ แต่ต้องล็อกอินก่อน ::
  ล็อกอิน

รายการสื่อสารสนเทศ

ลำดับที่ ประเภท เลขเรียก/บาร์โค้ด สถานที่ สถานะ
- ไม่พบข้อมูล -

รายการใกล้เคียง
    หัวเรื่อง [กายวิภาคศาสตร์]

BibComment


ยังไม่เคยถูกคอมเมนท์

คอมเมนท์ทรัพยากรรายการนี้
  คอมเมนท์: Regional anatomy ..


 Copyright 2026. Bcnsprnw @Library